|
|
|
|
| LEADER |
00000nas a2200000 i 4500 |
| 001 |
ssj0001613377 |
| 003 |
WaSeSS |
| 005 |
20200512172242.0 |
| 006 |
m d |
| 007 |
cr n |
| 008 |
150319c20169999enkar p s 0 a0eng |
| 010 |
|
|
|a 2015201913
|
| 015 |
|
|
|a GBB7J3469
|2 bnb
|
| 016 |
7 |
|
|a 017732367
|2 Uk
|
| 022 |
|
|
|a 2377-9497
|y 2377-9489
|
| 035 |
|
|
|a (WaSeSS)ssj0001613377
|
| 037 |
|
|
|b Routledge, Taylor & Francis Group, 4 Park Square, Milton Park, Abingdon, Oxon, OX14 4RN, UK
|
| 040 |
|
|
|a DLC
|b eng
|e pn
|c DLC
|d DLC
|d CUI
|d NLE
|d OCLCF
|d UKMGB
|d DLC
|d VT2
|d DLC
|d WaSeSS
|
| 042 |
|
|
|a pcc
|a nsdp
|
| 050 |
0 |
0 |
|a JZ5587
|
| 082 |
1 |
0 |
|a 306.461
|
| 130 |
0 |
|
|a Global security (Abingdon, England)
|
| 222 |
|
0 |
|a Global security
|b (Abingdon, England : Online)
|
| 245 |
1 |
0 |
|a Global security
|h [electronic resource] :
|b health, science and policy.
|
| 260 |
|
|
|a Oxfordshire, UK :
|b Routledge, Taylor & Francis,
|c 2016-
|
| 310 |
|
|
|a Annual
|
| 362 |
1 |
|
|a Began with: Volume 1 (2016)
|
| 506 |
|
|
|a License restrictions may limit access.
|
| 588 |
|
|
|a Description based on: Volume 1 (2016); title from banner (Taylor & Francis website, viewed on Janaury 31, 2019).
|
| 588 |
|
|
|a Latest issue consulted: Volume 3 (2018); (Taylor & Francis Online, viewed July 17, 2019).
|
| 650 |
|
0 |
|a Security, International
|v Periodicals.
|
| 650 |
|
0 |
|a Public health
|x Security measures
|v Periodicals.
|
| 650 |
|
0 |
|a Biosecurity
|v Periodicals.
|
| 650 |
|
0 |
|a Cyberterrorism
|v Periodicals.
|
| 650 |
|
7 |
|a Biosecurity.
|2 fast
|0 (OCoLC)fst01762209
|
| 650 |
|
7 |
|a Cyberterrorism.
|2 fast
|0 (OCoLC)fst00885802
|
| 650 |
|
7 |
|a Security, International.
|2 fast
|0 (OCoLC)fst01110895
|
| 655 |
|
0 |
|a Electronic journals.
|
| 710 |
2 |
|
|a Routledge (Firm)
|
| 850 |
|
|
|a DLC
|
| 856 |
4 |
0 |
|z Full text available from Research Library: 12/01/2016 to 12/31/2017
|u https://search.proquest.com/publication/3933165
|
| 856 |
4 |
0 |
|z Full text available from Research Library: 01/01/2019 to present
|u https://search.proquest.com/publication/3933165
|